[Event "POL-chT 2nd League"]
[Site "Jastrzebia Gora"]
[Date "2023.09.02"]
[Round "1.14"]
[White "Liberadzki, Slawomir"]
[Black "Bednarek, Sylwester"]
[Result "0-1"]
[WhiteElo "1958"]
[BlackElo "2268"]
[PlyCount "68"]
[EventDate "2023.09.02"]
[EventType "team-swiss"]
[EventRounds "9"]
[EventCountry "POL"]
[SourceTitle "CBM 216 Extra"]
[Source "ChessBase"]
[SourceDate "2023.11.30"]
[SourceVersion "1"]
[SourceVersionDate "2023.11.30"]
[SourceQuality "1"]
[WhiteTeam "Skoczek Trojanski"]
[BlackTeam "Konin Hetman"]
[WhiteTeamCountry "POL"]
[BlackTeamCountry "POL"]

1. c4 c5 2. Nc3 b6 3. Nf3 Bb7 4. e4 d6 5. d4 cxd4 6. Nxd4 Nf6 7. f3 e6 8. Be2 a6 9. 0-0 Nbd7 10. Be3 Qc7 11. Qd2 Be7 12. Rac1 Rc8 13. Rfd1 Qb8 14. Bf2 0-0 15. Qe3 Rfe8 16. b3 Bd8 17. f4 Bc7 18. Bf3 g6 19. Bh4 Bd8 20. Bf2 e5 21. Nde2 b5 22. cxb5 axb5 23. fxe5 Bb6 24. Qd2 Bxf2+ 25. Kxf2 dxe5 26. Nxb5 Nc5 27. Nec3 Ba6 28. Qe2 Qb6 29. Kf1 Nxb3 30. axb3 Rxc3 31. Rxc3 Bxb5 32. Rdd3 Ra8 33. Qb2 Qd4 34. Qb1 Qxc3 0-1

[Event "Lodz Jan Krzysztof Duda Cup"]
[Site "Lodz"]
[Date "2021.11.13"]
[Round "9"]
[White "Bednarek, Sylwester"]
[Black "Lewtak, Damian"]
[Result "1-0"]
[WhiteElo "2268"]
[BlackElo "2381"]
[PlyCount "79"]
[EventDate "2021.11.13"]
[EventType "swiss (rapid)"]
[EventRounds "9"]
[EventCountry "POL"]
[SourceTitle "CBM 205 Extra"]
[Source "ChessBase"]
[SourceDate "2022.01.31"]
[SourceVersion "1"]
[SourceVersionDate "2022.01.31"]
[SourceQuality "1"]

1. d4 d6 2. Nf3 g6 3. c4 Bg7 4. Nc3 e5 5. Bg5 f6 6. Bh4 g5 7. Bg3 h5 8. h4 g4 9. Ng1 Nc6 10. d5 Nce7 11. e4 f5 12. exf5 Nxf5 13. Bd3 Nge7 14. Nge2 0-0 15. Qc2 Bd7 16. 0-0-0 c6 17. dxc6 Nxc6 18. Be4 Be6 19. Bd5 Qe8 20. Qe4 Rc8 21. Kb1 a6 22. Bxe6+ Qxe6 23. Nd5 b5 24. Nb6 Rc7 25. Nf4 Qf7 26. Nfd5 Rb7 27. cxb5 axb5 28. Rc1 Ncd4 29. Rc8 Rxc8 30. Nxc8 Nxg3 31. fxg3 Qe6 32. Rc1 Rf7 33. Nc7 Qxc8 34. Nxb5 Qd7 35. Nxd4 exd4 36. Ka1 Qf5 37. Qc6 Qe5 38. Qc4 d3 39. Rb1 Qxb2+ 40. Rxb2 1-0

[Event "POL Cup op blitz"]
[Site "Lodz"]
[Date "2021.08.08"]
[Round "6"]
[White "Bednarek, Sylwester"]
[Black "Cagara, Paulina"]
[Result "1-0"]
[WhiteElo "2268"]
[BlackElo "2027"]
[PlyCount "42"]
[EventDate "2021.08.08"]
[EventType "swiss (blitz)"]
[EventRounds "13"]
[EventCountry "POL"]
[SourceTitle "CBM 203 Extra"]
[Source "ChessBase"]
[SourceDate "2021.09.30"]
[SourceVersion "1"]
[SourceVersionDate "2021.09.30"]
[SourceQuality "1"]

1. d4 f5 2. g3 Nf6 3. Bg2 g6 4. c3 Bg7 5. Qb3 c6 6. h4 Qb6 7. Nh3 Qxb3 8. axb3 d6 9. b4 Na6 10. Rxa6 e5 11. dxe5 dxe5 12. Rxc6 e4 13. Rc7 0-0 14. Nf4 Ng4 15. Nd5 Be5 16. Ne7+ Kh8 17. Rxc8 Raxc8 18. Nxc8 Rxc8 19. Bf4 Bg7 20. f3 Nf6 21. Nd2 Ng8 1-0

[Event "POL Cup op blitz"]
[Site "Lodz"]
[Date "2021.08.08"]
[Round "8"]
[White "Bednarek, Sylwester"]
[Black "Piekielny, Pawel"]
[Result "0-1"]
[WhiteElo "2268"]
[BlackElo "2135"]
[PlyCount "76"]
[EventDate "2021.08.08"]
[EventType "swiss (blitz)"]
[EventRounds "13"]
[EventCountry "POL"]
[SourceTitle "CBM 203 Extra"]
[Source "ChessBase"]
[SourceDate "2021.09.30"]
[SourceVersion "1"]
[SourceVersionDate "2021.09.30"]
[SourceQuality "1"]

1. d4 Nf6 2. Bg5 e6 3. e4 h6 4. Bxf6 Qxf6 5. c3 Qd8 6. Bd3 d5 7. Nd2 Be7 8. Ngf3 c5 9. dxc5 Bxc5 10. 0-0 0-0 11. Qe2 Nc6 12. Nb3 Bb6 13. Rad1 Qc7 14. e5 Bd7 15. Bb1 Ne7 16. Nfd4 a5 17. Nb5 Bxb5 18. Qxb5 a4 19. Nd4 Bxd4 20. cxd4 a3 21. Qd3 g6 22. b3 Rfc8 23. Qh3 Kg7 24. Rd3 Ra6 25. g4 Rc6 26. Qh4 Ng8 27. Rdd1 Rc3 28. f4 Qd8 29. Qxd8 Rxd8 30. f5 gxf5 31. gxf5 Rdc8 32. f6+ Kf8 33. Bd3 h5 34. Kg2 Nh6 35. Rf3 Ke8 36. Rd2 Rc1 37. Kg3 R8c3 38. Kh4 Nf5+ 0-1

[Event "POL Cup op rapid"]
[Site "Lodz"]
[Date "2021.08.07"]
[Round "7"]
[White "Krasenkow, Michal"]
[Black "Bednarek, Sylwester"]
[Result "1/2-1/2"]
[WhiteElo "2591"]
[BlackElo "2268"]
[PlyCount "96"]
[EventDate "2021.08.07"]
[EventType "swiss (rapid)"]
[EventRounds "9"]
[EventCountry "POL"]
[SourceTitle "CBM 203 Extra"]
[Source "ChessBase"]
[SourceDate "2021.09.30"]
[SourceVersion "1"]
[SourceVersionDate "2021.09.30"]
[SourceQuality "1"]

1. Nf3 Nf6 2. c4 g6 3. Nc3 Bg7 4. e4 d6 5. d4 0-0 6. h3 c5 7. d5 e6 8. Bd3 exd5 9. cxd5 Bd7 10. Bf4 Re8 11. 0-0 b5 12. e5 dxe5 13. Bxe5 b4 14. Na4 Qa5 15. Bc2 Na6 16. Re1 Rad8 17. d6 Nb8 18. a3 Nc6 19. axb4 cxb4 20. Bh2 Rxe1+ 21. Qxe1 Re8 22. Qf1 Qh5 23. Bb3 Ne4 24. Qc4 Qf5 25. Re1 Na5 26. Qxb4 Nxb3 27. Qxb3 Qa5 28. Nc3 Nxc3 29. bxc3 Qxc3 30. Qxc3 Bxc3 31. Rc1 Rc8 32. Rb1 a5 33. Be5 Bb4 34. Ng5 Rc4 35. f3 f5 36. f4 h6 37. Nf3 a4 38. Bf6 Bxd6 39. Ne5 Bxe5 40. Bxe5 Kf7 41. Rb7 Rc1+ 42. Kf2 Rd1 43. Ra7 g5 44. Ra6 Rd2+ 45. Kg1 Be6 46. Rxa4 Bd5 47. Ra7+ Ke6 48. Ra6+ Ke7 1/2-1/2

[Event "POL-ch rapid"]
[Site "Zgierz"]
[Date "2019.10.06"]
[Round "6"]
[White "Moranda, Wojciech"]
[Black "Bednarek, Sylwester"]
[Result "1-0"]
[WhiteElo "2597"]
[BlackElo "2268"]
[PlyCount "47"]
[EventDate "2019.10.06"]
[EventType "swiss (rapid)"]
[EventRounds "11"]
[EventCountry "POL"]
[SourceTitle "EXT 2020"]
[Source "ChessBase"]
[SourceDate "2019.10.17"]
[SourceVersion "1"]
[SourceVersionDate "2019.10.17"]
[SourceQuality "1"]

1. d4 Nf6 2. c4 e6 3. Nf3 c5 4. d5 exd5 5. cxd5 d6 6. Nc3 g6 7. Bf4 Nh5 8. Qa4+ Qd7 9. Qe4+ Be7 10. Bg5 f6 11. Bh6 b5 12. e3 a6 13. Be2 b4 14. Nd1 Qf5 15. Qxf5 Bxf5 16. Nd2 Kf7 17. g4 Bc8 18. gxh5 g5 19. f4 g4 20. e4 f5 21. Ne3 fxe4 22. Nxe4 Re8 23. Kd2 Bf8 24. Bxf8 1-0

[Event "Warsaw Najdorf Memorial op-A 17th"]
[Site "Warsaw"]
[Date "2019.07.11"]
[Round "6"]
[White "Wisniewski, Michal"]
[Black "Bednarek, Sylwester"]
[Result "0-1"]
[WhiteElo "2103"]
[BlackElo "2291"]
[PlyCount "106"]
[EventDate "2019.07.06"]
[EventType "swiss"]
[EventRounds "9"]
[EventCountry "POL"]
[SourceTitle "CBM 191 Extra"]
[Source "ChessBase"]
[SourceDate "2019.09.30"]
[SourceVersion "1"]
[SourceVersionDate "2019.09.30"]
[SourceQuality "1"]

1. Nf3 f5 2. d3 Nf6 3. e4 d6 4. exf5 Bxf5 5. d4 Nc6 6. Bb5 a6 7. Ba4 b5 8. Bb3 Na5 9. c3 Nxb3 10. Qxb3 Qd7 11. 0-0 Bd3 12. Re1 Qf5 13. Nbd2 Bc2 14. Qa3 g5 15. c4 g4 16. Nh4 Qd3 17. Qxd3 Bxd3 18. cxb5 axb5 19. Re3 Bg6 20. Nxg6 hxg6 21. Ne4 Kd7 22. Nxf6+ exf6 23. d5 Rh5 24. Rd3 Bg7 25. h3 Rah8 26. Kh2 gxh3 27. gxh3 Rf5 28. Kg2 Rhh5 29. Rg3 g5 30. Rd3 Rh4 31. Be3 g4 32. hxg4 Rxg4+ 33. Kf1 Rh5 34. Ke2 f5 35. Rad1 Ra4 36. Rb3 Rxa2 37. Bd4 Bxd4 38. Rxd4 Ra5 39. Rg3 Kc8 40. Rg7 Ra4 41. Rd2 Rh3 42. Rf7 Re4+ 43. Kd1 Rf3 44. b3 Rxb3 45. Rxf5 Rc3 46. Rf7 b4 47. f4 b3 48. f5 Rb4 49. Rb2 Rd4+ 50. Ke1 Rc1+ 51. Ke2 Rc2+ 52. Ke3 Rxb2 53. Kxd4 Rd2+ 0-1

[Event "Aegean op 41st"]
[Site "Aghios Kirykos"]
[Date "2018.07.22"]
[Round "9"]
[White "Bednarek, Sylwester"]
[Black "Sarandos, Vasilios"]
[Result "1-0"]
[WhiteElo "2307"]
[BlackElo "2206"]
[PlyCount "92"]
[EventDate "2018.07.16"]
[EventType "swiss"]
[EventRounds "9"]
[EventCountry "GRE"]
[SourceTitle "CBM 186 Extra"]
[Source "ChessBase"]
[SourceDate "2018.08.24"]
[SourceVersion "1"]
[SourceVersionDate "2018.08.24"]
[SourceQuality "1"]

1. e4 e6 2. d3 d5 3. Nd2 c5 4. Ngf3 Nc6 5. g3 Bd6 6. Bg2 Nge7 7. 0-0 0-0 8. Re1 Qc7 9. Nh4 f6 10. f4 d4 11. Nc4 e5 12. f5 Bd7 13. a4 b6 14. g4 h6 15. Bd2 Rab8 16. b3 a6 17. a5 b5 18. Nb6 Be8 19. Nf3 c4 20. bxc4 bxc4 21. Nxc4 Bb4 22. Bxb4 Rxb4 23. h4 Bf7 24. Nfd2 Rfb8 25. g5 hxg5 26. hxg5 Kf8 27. Bf1 Nc8 28. Qg4 Ke7 29. Nf3 R4b5 30. gxf6+ gxf6 31. Qg7 Nd6 32. Nh4 Ne8 33. Ng6+ Kd8 34. Qf8 Bxc4 35. dxc4 Rxa5 36. Qg8 Rxa1 37. Rxa1 a5 38. c5 Qg7 39. Qe6 Kc7 40. Ra3 Qd7 41. Qc4 Ng7 42. Rh3 Rb4 43. Qd5 Ne8 44. Qg8 Kb8 45. Qd5 Kc7 46. Rh1 Ng7 1-0

[Event "Aegean op 41st"]
[Site "Aghios Kirykos"]
[Date "2018.07.20"]
[Round "7"]
[White "Nikolaidis, Ioannis"]
[Black "Bednarek, Sylwester"]
[Result "0-1"]
[WhiteElo "2548"]
[BlackElo "2307"]
[PlyCount "134"]
[EventDate "2018.07.16"]
[EventType "swiss"]
[EventRounds "9"]
[EventCountry "GRE"]
[SourceTitle "CBM 186 Extra"]
[Source "ChessBase"]
[SourceDate "2018.08.24"]
[SourceVersion "1"]
[SourceVersionDate "2018.08.24"]
[SourceQuality "1"]

1. d4 Nf6 2. c4 g6 3. Nc3 Bg7 4. e4 d6 5. Nge2 0-0 6. Ng3 c5 7. d5 e6 8. Be2 exd5 9. exd5 a6 10. 0-0 Ne8 11. Bf4 Nd7 12. Qd2 f5 13. a4 b6 14. Rae1 Ne5 15. Bg5 Nf6 16. h3 Ra7 17. b3 Re8 18. Bd1 Rae7 19. Bc2 Bd7 20. Qd1 Qc8 21. Nge2 Nf7 22. Bd2 Nh5 23. Nc1 f4 24. Rxe7 Rxe7 25. Re1 Rxe1+ 26. Bxe1 Bxh3 27. gxh3 Qxh3 28. Be4 Ng5 29. Bg2 Qh4 30. Nd3 Bd4 31. Qe2 Ng3 32. Qe8+ Kg7 33. Qe7+ Kg8 34. Qe8+ Kg7 35. Ne2 f3 36. Nxd4 Qxd4 37. Qe7+ Nf7 38. Nf4 Qxf4 39. Bc3+ Kh6 40. fxg3 Qxg3 41. Qe3+ Ng5 42. Qd2 fxg2 43. Bf6 Kh5 44. Bxg5 Qxg5 45. Qe2+ Qg4 46. Qe7 Qd4+ 47. Kxg2 Qd2+ 48. Kf3 Qd3+ 49. Kf2 Qf5+ 50. Ke2 Qg4+ 51. Kd3 Qg3+ 52. Kc2 h6 53. Qc7 g5 54. Qxb6 g4 55. Qd8 Qf2+ 56. Kc3 Qe1+ 57. Kd3 Qd1+ 58. Kc3 Qd4+ 59. Kc2 Qf2+ 60. Kd3 Qf5+ 61. Ke2 Qe5+ 62. Kf1 Qf4+ 63. Kg2 Qf3+ 64. Kg1 g3 65. Qe8+ Kg5 66. Qe7+ Qf6 67. Qe3+ Qf4 0-1

[Event "Aegean op 41st"]
[Site "Aghios Kirykos"]
[Date "2018.07.17"]
[Round "3"]
[White "Bednarek, Sylwester"]
[Black "Koukas, Anastasios"]
[Result "1-0"]
[WhiteElo "2307"]
[BlackElo "1854"]
[PlyCount "57"]
[EventDate "2018.07.16"]
[EventType "swiss"]
[EventRounds "9"]
[EventCountry "GRE"]
[SourceTitle "CBM 186 Extra"]
[Source "ChessBase"]
[SourceDate "2018.08.24"]
[SourceVersion "1"]
[SourceVersionDate "2018.08.24"]
[SourceQuality "1"]

1. e4 e5 2. f4 d5 3. exd5 c6 4. Qe2 Be7 5. fxe5 cxd5 6. d4 Nc6 7. c3 Bf5 8. Nf3 Rc8 9. Bf4 a6 10. Nbd2 Qb6 11. Nb3 a5 12. Qb5 Qxb5 13. Bxb5 Ra8 14. a4 Nh6 15. Bxh6 gxh6 16. Nc5 Bxc5 17. dxc5 Ke7 18. Bxc6 bxc6 19. Nd4 Bd7 20. 0-0 Rhg8 21. Rf6 Rab8 22. b3 Rg5 23. Raf1 Rbg8 24. Rxf7+ Ke8 25. e6 Rxg2+ 26. Kh1 Bxe6 27. Nxe6 Rb2 28. Ng7+ Kd8 29. Ra7 1-0

[Event "GRE-chT 46th"]
[Site "Rio Achaia"]
[Date "2018.07.12"]
[Round "4.16"]
[White "Yilmaz, Mustafa"]
[Black "Bednarek, Sylwester"]
[Result "1-0"]
[WhiteElo "2624"]
[BlackElo "2307"]
[PlyCount "85"]
[EventDate "2018.07.10"]
[EventType "team"]
[EventRounds "7"]
[EventCountry "GRE"]
[SourceTitle "CBM 185 Extra"]
[Source "ChessBase"]
[SourceDate "2018.07.29"]
[SourceVersion "1"]
[SourceVersionDate "2018.07.29"]
[SourceQuality "1"]
[WhiteTeam "Kalamata Poseidon"]
[BlackTeam "Ioannites Skakiston"]
[WhiteTeamCountry "GRE"]
[BlackTeamCountry "GRE"]

1. d4 Nf6 2. c4 g6 3. Nc3 Bg7 4. e4 d6 5. Nf3 0-0 6. Be2 e5 7. 0-0 Na6 8. Be3 Ng4 9. Bg5 f6 10. Bh4 c6 11. c5 exd4 12. Nxd4 dxc5 13. Qb3+ Kh8 14. Ne6 Bxe6 15. Qxe6 Ne5 16. f4 Qd7 17. Qxd7 Nxd7 18. Rad1 Nb6 19. Bf2 Nc7 20. Bxc5 Rfe8 21. a4 Ne6 22. Be3 Bf8 23. a5 Nc8 24. f5 gxf5 25. Bh5 Rd8 26. exf5 Rxd1 27. Rxd1 Ng7 28. Rd8 Nb6 29. Bxb6 Rxd8 30. Bxd8 Nxh5 31. Ne4 Bb4 32. Kf2 Kg7 33. Kf3 Kf7 34. g4 Ng7 35. a6 bxa6 36. Bxf6 Ne8 37. Be5 a5 38. b3 Be7 39. g5 Bd8 40. h4 Nc7 41. h5 Nd5 42. g6+ Kg8 43. f6 1-0

[Event "Katowice POL-HUN 6th"]
[Site "Katowice"]
[Date "2018.05.06"]
[Round "9"]
[White "Bednarek, Sylwester"]
[Black "Kubicka, Anna"]
[Result "1-0"]
[WhiteElo "2307"]
[BlackElo "2219"]
[PlyCount "161"]
[EventDate "2018.05.05"]
[EventType "swiss (rapid)"]
[EventRounds "9"]
[EventCountry "POL"]
[SourceTitle "CBM 184 Extra"]
[Source "ChessBase"]
[SourceDate "2018.06.28"]
[SourceVersion "1"]
[SourceVersionDate "2018.06.28"]
[SourceQuality "1"]

1. d4 Nf6 2. Bg5 d5 3. Bxf6 gxf6 4. e3 c5 5. Nc3 e6 6. g3 Nc6 7. Nge2 a6 8. Bg2 Bd7 9. 0-0 Qc7 10. e4 cxd4 11. exd5 dxc3 12. dxc6 Bxc6 13. Bxc6+ Qxc6 14. Nxc3 Bd6 15. Qh5 Be5 16. Rad1 Bxc3 17. bxc3 Ke7 18. Rd3 Rad8 19. Rfd1 Rxd3 20. Rxd3 Qb6 21. a4 h6 22. h4 f5 23. Qd1 Qc6 24. Qb1 a5 25. c4 Rd8 26. Qd1 Rd7 27. Qd2 Rxd3 28. cxd3 Qxa4 29. Kh2 Qa1 30. d4 a4 31. d5 a3 32. dxe6 fxe6 33. Qb4+ Kf7 34. Qxb7+ Kg6 35. h5+ Kxh5 36. Qf7+ Kg5 37. Qg8+ Kh5 38. Qxe6 Qb1 39. Qe8+ Kg4 40. Qe2+ Kg5 41. Qe3+ Kg6 42. Qxa3 Qc2 43. Qd6+ Kg5 44. Qf4+ Kg6 45. Qd4 h5 46. c5 Kg5 47. Kg2 Kg6 48. Qd6+ Kg5 49. Qe5 Kg6 50. Qe6+ Kg5 51. c6 h4 52. Qg8+ Kf6 53. Qd8+ Kg6 54. Qe8+ Kg5 55. Qe7+ Kg6 56. c7 hxg3 57. Qd6+ Kh7 58. Qxg3 Qe4+ 59. Kh2 Qe6 60. Qc3 Qd6+ 61. Kg2 Qg6+ 62. Kf1 Qa6+ 63. Ke1 Qe6+ 64. Qe3 Qc6 65. Qe7+ Kg6 66. Qe5 Qc1+ 67. Ke2 Qc2+ 68. Kf1 Qc1+ 69. Kg2 Qc6+ 70. Kh2 Qd7 71. Qc5 Qc8 72. Qd6+ Kh5 73. Qd8 Qe6 74. Qh8+ Kg6 75. c8Q Qd6+ 76. Kg2 Qd5+ 77. Kg3 Qd6+ 78. Kf3 Qd3+ 79. Kg2 Qd5+ 80. f3 Qd2+ 81. Kh3 1-0

[Event "EU-ch blitz"]
[Site "Katowice"]
[Date "2017.12.15"]
[Round "12"]
[White "Bednarek, Sylwester"]
[Black "Brodowski, Piotr"]
[Result "0-1"]
[WhiteElo "2307"]
[BlackElo "2430"]
[PlyCount "174"]
[EventDate "2017.12.15"]
[EventType "swiss (blitz)"]
[EventRounds "22"]
[EventCountry "POL"]
[SourceTitle "CBM 182 Extra"]
[Source "ChessBase"]
[SourceDate "2018.02.23"]
[SourceVersion "1"]
[SourceVersionDate "2018.02.23"]
[SourceQuality "1"]

1. d4 c5 2. d5 d6 3. Nc3 Nf6 4. e4 g6 5. h3 Bg7 6. Nf3 0-0 7. a4 Na6 8. Be2 Nc7 9. 0-0 b6 10. Re1 Bb7 11. Bf1 e6 12. dxe6 Nxe6 13. Nd2 d5 14. exd5 Nxd5 15. Nxd5 Qxd5 16. Nc4 Qc6 17. Qd6 Rad8 18. Qxc6 Bxc6 19. c3 Rfe8 20. Be3 h6 21. Red1 Rxd1 22. Rxd1 Bxa4 23. Ra1 b5 24. Nd6 Rb8 25. Ne4 Rc8 26. Nd6 Rb8 27. Ne4 c4 28. Bxa7 Rd8 29. Bxc4 bxc4 30. Rxa4 Rd1+ 31. Kh2 f5 32. Ng3 Rd7 33. Ne2 Be5+ 34. g3 Rd2 35. Ng1 f4 36. Rxc4 fxg3+ 37. Kg2 Nf4+ 38. Kxg3 Ne2+ 39. Kg2 Nf4+ 40. Kf3 Rd1 41. Ne2 Nxh3 42. Ke4 Bf6 43. Bd4 Ng5+ 44. Kf4 Be7 45. b4 Re1 46. Ng3 Ne6+ 47. Kg4 h5+ 48. Kh3 Nf4+ 49. Kh2 h4 50. Rc8+ Kf7 51. b5 hxg3+ 52. fxg3 Nd5 53. b6 Rb1 54. b7 Rxb7 55. Kg2 Nf6 56. Kf3 Rb3 57. g4 Ke6 58. g5 Nh5 59. Rc6+ Kf7 60. Kg4 Rb1 61. Rc7 Rg1+ 62. Kf3 Rf1+ 63. Kg4 Rf5 64. Be3 Ng7 65. c4 Ne6 66. Rb7 Re5 67. Kf3 Rf5+ 68. Ke4 Nxg5+ 69. Kd3 Ne6 70. Ke4 Ra5 71. Kd3 Nc5+ 72. Bxc5 Rxc5 73. Kd4 Rf5 74. Rc7 Ke6 75. Rc6+ Bd6 76. Ke4 Re5+ 77. Kd3 Rc5 78. Ra6 g5 79. Ra8 Rf5 80. Rg8 Kf7 81. Rd8 Be7 82. Rd7 g4 83. Ke4 Rf6 84. c5 g3 85. c6 Rxc6 86. Kd5 Rg6 87. Ra7 g2 0-1